Το σπήλαιο ως τουριστικός πόρος και ανάπτυξη της περιοχής : το σπήλαιο Αγγίτη (Μάαρα) Δράμας : μεταπτυχιακή εργασία

Saved in:
Bibliographic Details
Main Author: Μαυροβουνιώτου, Σοφία
Corporate Author: Πανεπιστήμιο Αιγαίου Σχολή Επιστημών της Διοίκησης Τμήμα Διοίκησης Επιχειρήσεων Πρόγραμμα Μεταπτυχιακών Σπουδών "Σχεδιασμός, Διοίκηση και Πολιτική του Τουρισμού"
Other Authors: Κοκκώσης, Χαράλαμπος (Thesis advisor)
Format: Thesis Book
Language:Greek
Published: 2002
Subjects:
Tags: Add Tag
No Tags, Be the first to tag this record!

MARC

LEADER 00000cam a2200000 i 4500
001 1/25365
008 020625s2002 gre d
035 |l 10068051 
040 |a GR-MY-UA  |b gre  |e aacr 
041 0 |a gre 
082 0 |a 338.4791094957  |2 (22) 
100 1 |a Μαυροβουνιώτου, Σοφία. 
245 1 3 |a Το σπήλαιο ως τουριστικός πόρος και ανάπτυξη της περιοχής :  |b το σπήλαιο Αγγίτη (Μάαρα) Δράμας : μεταπτυχιακή εργασία /  |c Σοφία Μ. Μαυροβουνιώτου ; επιβλέπων καθηγητής: Χάρης Κοκκώσης 
260 |c 2002 
300 |a 119, iii σ.   |b πιν.  
502 |a Διατριβή (μεταπτυχιακή) – Πανεπιστήμιο Αιγαίου, Χίος, 2002. 
504 |a Περιλαμβάνει βιβλιογραφία 
610 2 0 |a Πανεπιστήμιο Αιγαίου. 
650 0 |a Tourism  |z Greece  |z Drama (Nome) 
650 0 |a Caves  |z Greece  |z Drama (Nome) 
650 0 0 |a Economic development  |z Greece  |z Drama (Nome) 
650 0 0 |a Dissertations, Academic  |z Greece. 
700 1 |4 ths  |a Κοκκώσης, Χαράλαμπος. 
710 2 |a Πανεπιστήμιο Αιγαίου  |b Σχολή Επιστημών της Διοίκησης  |b Τμήμα Διοίκησης Επιχειρήσεων  |b Πρόγραμμα Μεταπτυχιακών Σπουδών "Σχεδιασμός, Διοίκηση και Πολιτική του Τουρισμού". 
852 |a INST  |b CHIOS  |c DIATR  |e 20020625  |h 338.4791094957 ΜΑΥ  |p 005200019708  |q 005200019708  |t MTXE  |y 23 
901 |a BIBL2-2002-2 
909 |a Χ  |b 100007 
924 |a ΜΑΥΡΟΒΟΥΝΙΩΤΟΥ  |b ΣΟΦΙΑ  |y ΧΙΟΣ  |z 2002-06 
970 |a ΣΑΛΑΜΟΥΡΑ  |b ΜΑΡΙΑ  |z 2002/06/25